| 000 | 00632nam a22001931a 4500 | ||
|---|---|---|---|
| 001 | 4263352 | ||
| 005 | 20110718132545.0 | ||
| 008 | 040115s1999 ke a 000 0 bnt d | ||
| 035 | _a(NNC)4263352 | ||
| 040 |
_aNNC _cNNC |
||
| 050 | 4 |
_aPL 8207.G472I43 1999 _bPL 8207.G472I43 1999 |
|
| 100 | 1 | _aIha, Samson. | |
| 245 | 1 | 0 |
_aNathamani kumanya kikwehu = _bI want to know Kigiryama : a transition primer in Giryama language / _cwritten by Samson Iha & Stephen Nzomo. _h[Text] |
| 260 |
_aNairobi _bBTL _c2000 |
||
| 300 |
_a54 p. : _bill. ; _c21 cm. |
||
| 650 | 0 |
_aGiryama language _vReaders. |
|
| 700 | 1 | _aNzomo, Stephen. | |
| 999 |
_c37751 _d37751 |
||